000 00537nam a2200157 a 4500
008 120416s1992 ||||||||||||||||| || u
020 _a0750610204
050 _aTN 671
100 _aSmithells, Colin J
245 1 0 _aSmithells metals reference book. (7th ed.)
250 _a7th ed.
260 _aOxford:
_bButterworth-Heinemann
_c1992
350 _a0.00
650 _aMETALS--HANDBOOKS, MANUALS, ETC
995 _D0.00
_FCBU-MAIN LIBRARY (Kitwe)
_H1
_I155.00
_M1
_UREFERENCE
_ZReference Collection
999 _c57635
_d57635